|
|
|
|
| LEADER |
00921nam a2200241 a 4500 |
| 001 |
GR-MES15314 |
| 008 |
071130s2007 gr u000 b eng d |
| 020 |
|
|
|a 0470055189
|
| 040 |
|
|
|a GrPaTEI
|b gre
|c GR-PaULI
|
| 082 |
|
0 |
|a 658.15
|2 21
|
| 100 |
1 |
|
|a Bragg, Steven M.
|
| 245 |
1 |
0 |
|a Financial analysis :
|b a controller's guide /
|c Steven M. Bragg.
|
| 250 |
|
|
|a 2nd ed.
|
| 260 |
|
|
|a Hoboken, N.J. :
|b Wiley,
|c 2007
|
| 300 |
|
|
|a xii, 399 σ. :
|b σχ., πιν. ;
|c 24 εκ.
|
| 650 |
|
0 |
|a Controllership
|
| 650 |
|
0 |
|a Financial statements
|
| 650 |
|
4 |
|a Οικονομική ανάλυση
|
| 653 |
|
|
|a Corporations--Finance
|
| 942 |
|
|
|2 ddc
|
| 952 |
|
|
|0 0
|1 0
|2 ddc
|4 0
|6 658_150000000000000_BRA
|7 0
|9 273138
|a MSLG
|b MSLG
|c BSC
|d 2021-01-17
|e 24
|f 0
|g 0.00
|l 0
|o 658.15 BRA
|p 2420000024389
|r 2021-01-17 00:00:00
|t 1
|w 2021-01-17
|y BK15
|x 20091006 0 ΤΣΑΝΤΑΡΛΙΩΤΗ 1
|x GrPaTEI
|
| 971 |
|
|
|a .b25813638
|b 15-04-20
|c 13-09-16
|
| 999 |
|
|
|c 158119
|d 158119
|